| 000 | 00808nam a2200229 a 4500 | ||
|---|---|---|---|
| 999 |
_c10318 _d10318 |
||
| 001 | 10318 | ||
| 003 | BD-JhCC | ||
| 005 | 20221115134023.0 | ||
| 008 | 170423s20042017bg |||| ||a| 000 0 ben d | ||
| 020 | _a9788177564167 | ||
| 035 | _a(BD-JhCC)10318 | ||
| 040 |
_aBD-JhCC _dBD-JhCC |
||
| 041 | _aben | ||
| 082 |
_a891.4435 _bGAN 2017 |
||
| 100 | _aগঙ্গোপাধ্যায়, সুনীল | ||
| 245 |
_aকাকাবাবু সমগ্র ৫ / _cসুনীল গঙ্গোপাধ্যায়, |
||
| 260 |
_aকলকাতা : _bআনন্দ পাবলিশার্স প্রাইভেট লিমিটেড, _c২০১৭. |
||
| 300 |
_a৪৬৪ পৃ. : _c22 cm. |
||
| 650 | _aAdventure Fiction | ||
| 942 |
_2ddc _cBK _029 |
||